¿Cuál modernidad? Anomia en las sociedades latinoamericanas /
Đã lưu trong:
| Tác giả chính: | |
|---|---|
| Định dạng: | Texto |
| Các nhãn: |
Thêm thẻ
Không có thẻ, Là người đầu tiên thẻ bản ghi này!
|
MARC
| LEADER | 00000 a a2200000 04500 | ||
|---|---|---|---|
| 001 | 17230 | ||
| 003 | |||
| 040 | |||
| 100 | |a Girola, Lidia | ||
| 245 | |a ¿Cuál modernidad? Anomia en las sociedades latinoamericanas / |c Lidia Girola | ||
| 773 | |g volumen 6, número 2; páginas 91-103 | ||
| 999 | |c 32784 |d 32784 | ||
